Catálogo

Efectos de las reformas estructurales en las fluctuaciones cíclicas y el crecimiento económico en México / (Registro nro. 6332)

Detalles MARC
000 -LEADER
fixed length control field 01442cam a2200349 i 4500
001 - CONTROL NUMBER
control field 6332
003 - CONTROL NUMBER IDENTIFIER
control field Mx-PuUPA
005 - DATE AND TIME OF LATEST TRANSACTION
control field 20251208114436.0
008 - FIXED-LENGTH DATA ELEMENTS--GENERAL INFORMATION
fixed length control field 140415s2014 mx a gr 001 0 spa d
020 ## - INTERNATIONAL STANDARD BOOK NUMBER
International Standard Book Number 9786078289936
040 ## - CATALOGING SOURCE
Original cataloging agency Mx-PuUPA
Language of cataloging spa
Transcribing agency Mx-PuUPA
Modifying agency Mx-PuUPA
Description conventions rda
041 0# - LANGUAGE CODE
Language code of text/sound track or separate title spa
043 ## - GEOGRAPHIC AREA CODE
Geographic area code n-mx---
245 10 - TITLE STATEMENT
Title Efectos de las reformas estructurales en las fluctuaciones cíclicas y el crecimiento económico en México /
Statement of responsibility, etc. Pablo Mejía Reyes, Víctor Hugo Torres Preciado (coordinadores)
250 ## - EDITION STATEMENT
Edition statement Primera edición /
Remainder of edition statement octubre
264 #1 - PRODUCTION, PUBLICATION, DISTRIBUTION, MANUFACTURE, AND COPYRIGHT NOTICE
Place of production, publication, distribution, manufacture Toluca, México :
Name of producer, publisher, distributor, manufacturer Universidad Autónoma del Estado de México ;
-- Ediciones y Gráficos Eón,
Date of production, publication, distribution, manufacture, or copyright notice 2014
300 ## - PHYSICAL DESCRIPTION
Extent 318 páginas :
Other physical details ilustraciones, gráficas, tablas (blanco y negro) ;
Dimensions 23 cm
336 ## - CONTENT TYPE
Fuente rdacontent
Content type term texto
Content type code txt
337 ## - MEDIA TYPE
Source rdamedia
Media type term sin medio
Media type code n
338 ## - CARRIER TYPE
Source rdacarrier
Carrier type term volumen
Carrier type code nc
490 0# - SERIES STATEMENT
Series statement Eón sociales
650 #7 - SUBJECT ADDED ENTRY--TOPICAL TERM
Source of heading or term armarc
Topical term or geographic name entry element Ciclos Económicos
Geographic subdivision México
650 #7 - SUBJECT ADDED ENTRY--TOPICAL TERM
Source of heading or term armarc
Topical term or geographic name entry element Desarrollo económico
Geographic subdivision México
651 #4 - SUBJECT ADDED ENTRY--GEOGRAPHIC NAME
Geographic name México
General subdivision Política económica
Chronological subdivision 1994
651 #4 - SUBJECT ADDED ENTRY--GEOGRAPHIC NAME
Geographic name México
General subdivision Situaciones económicas
Chronological subdivision 1994
700 1# - ADDED ENTRY--PERSONAL NAME
Personal name Mejía Reyes, Pablo,
Relator term coordinador
9 (RLIN) 3357
700 1# - ADDED ENTRY--PERSONAL NAME
Personal name Torres Preciado, Víctor Hugo,
Relator term coordinador
942 ## - ADDED ENTRY ELEMENTS (KOHA)
Source of classification or shelving scheme Dewey Decimal Classification
Koha item type Libro
Classification part 338.5420972
Item part E27
Existencias
Withdrawn status Lost status Source of classification or shelving scheme Damaged status Not for loan Collection code Home library Current library Shelving location Date acquired Source of acquisition Cost, normal purchase price Total Checkouts Full call number Barcode Date last seen Copy number Cost, replacement price Price effective from Koha item type
    Dewey Decimal Classification     General Biblioteca Karol Wojtyla Biblioteca Karol Wojtyla Sala general 03/12/2013 Donación 0.00   338.5420972 E27 2014 45700 19/01/2026 Ej.2 0.00 03/12/2013 Libro
    Dewey Decimal Classification     General Biblioteca Karol Wojtyla Biblioteca Karol Wojtyla Sala general 03/12/2013 Donación 0.00   338.5420972 E27 2014 46548 05/01/2026   0.00 03/12/2013 Libro
    Dewey Decimal Classification     General Biblioteca Karol Wojtyla Biblioteca Karol Wojtyla Sala general 03/12/2013 Donación 0.00   338.5420972 E27 2014 45169 19/01/2026 Ej.3 0.00 03/12/2013 Libro